Loading...
| Literature - World Literature | 0 | 7 | 1 | 0 | 65 | 87 | 116.14 | 0 | 1 | 
| Literature - European Literature | 0 | 6 | 0 | 0 | 60 | 81 | 122.83 | 0 | 1 | 
| Social Science | 0 | 5 | 1 | 0 | 45 | 28 | 87.00 | 0 | 1 | 
| Fine Arts - Other Fine Arts | 0 | 4 | 0 | 1 | 40 | 67 | 96.50 | 0 | 2 | 
| Literature - American Literature | 0 | 4 | 2 | 0 | 30 | 21 | 90.25 | 0 | 1 | 
| Mythology | 0 | 3 | 1 | 0 | 25 | 76 | 120.00 | 1 | 1 | 
| Fine Arts - Classical Music | 0 | 3 | 1 | 0 | 25 | 61 | 84.33 | 1 | 2 | 
| Literature - British Literature | 0 | 3 | 3 | 1 | 15 | 121 | 134.00 | 0 | 0 | 
| Current Events | 0 | 1 | 0 | 0 | 10 | 123 | 123.00 | 0 | 0 | 
| Other Academic | 0 | 1 | 0 | 0 | 10 | 108 | 108.00 | 0 | 0 | 
| Religion | 0 | 1 | 0 | 0 | 10 | 98 | 98.00 | 0 | 1 | 
| Science - Biology | 0 | 1 | 0 | 1 | 10 | 128 | 128.00 | 0 | 0 | 
| History - World History | 0 | 1 | 1 | 1 | 5 | 143 | 143.00 | 0 | 0 | 
| Fine Arts - Painting & Sculpture | 0 | 1 | 1 | 0 | 5 | 120 | 120.00 | 0 | 0 | 
| History - Other History | 0 | 1 | 1 | 0 | 5 | 48 | 48.00 | 0 | 1 | 
| History - European History | 0 | 1 | 2 | 0 | 0 | 118 | 118.00 | 0 | 0 | 
| Science - Chemistry | 0 | 3 | 6 | 0 | 0 | 58 | 103.33 | 0 | 0 | 
| Science - Other Science | 0 | 0 | 1 | 0 | -5 | 0.00 | 0 | 0 | |
| Philosophy | 0 | 0 | 1 | 0 | -5 | 0.00 | 0 | 0 | |
| History - American History | 0 | 0 | 1 | 0 | -5 | 0.00 | 0 | 0 |